000 01237nam a22002657a 4500
999 _c161990
_d161990
005 20190305161026.0
008 190301b ||||| |||| 00| 0 eng d
010 _aB-713156-157
020 _a9789312145975 Vol-1
_c645.00
020 _a9789312145982 Vol-2
_c645.00
035 _aB-713156-157
037 _bAksharesh Enterprises
040 _adpl
_ben
050 _a530
082 _a530
100 _aPandey, D.C.
245 _aObjective physics:
_bcomplete study pack for engineering entrances/
_cby D.C. Pandey
260 _aMeerut
_bArihant Prakashan
_c2017
270 _aKalindi, T.P.Nagar,
_bMeerut(UP)
_e250002
_k0120 2401479, 2512970, 4004199
300 _a2v(v1-840,30p; v2-709,34p)
_c26cm(pbk)
490 _aArihant Prakashan (series)
500 _aUseful for JEE main & Advanced, BITSAT, MHT-CET, Andhra Pradesh & Telegana States EAMCET, Karnataka CET, VIT, Kerala CEE, WB JEE &UP SEE etc.
942 _2ddc
_cEN
_h530
_mPAN